1421 1447 1245 1947 1680 1793 1936 1439 1045 1560 1910 1618 1685 1083 1201 1590 1696 1304 1480 1190 1708 1654 1816 1896 1641 1670 1063 1398 1249 2000 1818 1072 1627 1455 1628 1265 1628 1980 1013 1304 1330 1204 1263 1142 1082 1963 1732 1414 1411 1465 1513 1376 1651 1584 1231 1318 1864 1955 1124 1639 1240 1107 1636 1331 1389 1087 1528 1043 1819 1843 1516 1611 1683 1507 1664 1013 1747 1877 1642 1430 1004 1934 1982 1711 1604 1851 1714 1500 1027 1204 1152 1595 1338 1282 1679 1010 1231 1214 1921 BCNSPRNW ULIB Ver.6.0+V

เปลี่ยนเป็นภาษาไทย

Change to English
 แสดงรายละเอียดบรรณานุกรม
  กลับหน้าหลัก

Brief Record : Get Marc (ISO 2709) : E-mail record : QR code < ปิดหน้าต่าง
LEADER : 00000nam 2200000uu 4500
001    13399128048
003     ULIB
008    220128s2563||||th 000 0 tha d
020    ^a9786160839018
050    ^aนว.^bณ-ส
100    ^aณรียา
245    ^aสัญญารักข้ามกาลเวลา
250    ^aพิมพ์ครั้งที่ 1
260    ^aกรุงเทพฯ :^bซีเอ็ดยูเคชั่น,^c2563
300    ^a424 หน้า;^b21 ซม.
650    ^aนวนิยาย
945    ^p350^l0^i29193
999    ^aกัณชพร จุลอักษร
รายการนี้ยังไม่มีแท็ก
คุณยังไม่ได้ล็อกอิน คุณสามารถมีกิจกรรมร่วมกับเว็บไซต์ได้ แต่ต้องล็อกอินก่อน ::
  ล็อกอิน

รายการสื่อสารสนเทศ

ลำดับที่ ประเภท เลขเรียก/บาร์โค้ด สถานที่ สถานะ
1. วิทยาศาสตร์การแพทย์ และสุขภาพ
วิทยาศาสตร์การแพทย์ และสุขภาพ
นว. ณ-ส ฉ.1 
  Barcode: 29193
ห้องสมุดวิทยาเขตนครสวรรค์
►นวนิยาย:l:Fiction
บนชั้น

รายการใกล้เคียง
    ชื่อเรื่อง [สัญญารักข้ามกาลเวลา]

    ผู้แต่ง [ณรียา]

    หัวเรื่อง [นวนิยาย]

BibComment


ยังไม่เคยถูกคอมเมนท์

คอมเมนท์ทรัพยากรรายการนี้
  คอมเมนท์: สัญญารักข้ามกาลเ..


 Copyright 2026. Bcnsprnw @Library